Normal view
MARC view
Entry Personal Name
001 - CONTROL NUMBER
- control field: 73424
003 - CONTROL NUMBER IDENTIFIER
- control field: dpl
005 - DATE AND TIME OF LATEST TRANSACTION
- control field: 20241025103944.0
008 - FIXED-LENGTH DATA ELEMENTS
- fixed length control field: 241025|| aca||aabn | a|a d
040 ## - CATALOGING SOURCE
- Original cataloging agency: dpl
- Transcribing agency: dpl
100 ## - HEADING--PERSONAL NAME
- Personal name: Tiwana,Dalip Kaur
670 ## - SOURCE DATA FOUND
- Source citation: Work cat.: (dpl)102597: Tiwana,Dalip Kaur, Tell the tale, Urvashi/, 2016
